Classement des médailles au judo aux JO de Paris 2024 - Statistiques

Statistiques générales
  • Ce quiz a été pris 93 fois
  • Le résultat moyen est 13 sur 26
Statistiques - réponses
Total Pays % Correct
10 France
100%
8 Japon
97%
1 Chine
82%
4 Brésil
78%
3 Géorgie
75%
1 Italie
75%
5 Corée du sud
74%
1 Espagne
72%
1 Allemagne
67%
3 Ouzbékistan
60%
2 Azerbaïdjan
56%
1 Belgique
49%
1 Portugal
43%
1 Canada
38%
1 Mongolie
38%
3 Israël
38%
2 Kazakstan
33%
1 Mexique
29%
2 Kosovo
26%
1 Suede
25%
2 Tadjikistan
24%
1 Slovénie
24%
1 Autriche
21%
1 Croatie
17%
1 Grèce
17%
2 Moldavie
13%
Aucun quiz correspondant
Distribution des résultats
% des personnes avec chaque résultat
Percentile par nombre de réponses
Votre historique - résultats
Vous n’avez pas pris ce quiz